Two-Headed Countries Quiz Stats

 Plays Quiz Updated Sep 20, 2018

Score 0/14 Timer 05:00
5 Plays Today
Country % Correct
Australia
86.5%
Austria
76%
Argentina
72%
Albania
71.8%
Algeria
65.6%
Armenia
63%
Andorra
58.3%
Country % Correct
Angola
57.9%
Antigua and Barbuda
41.4%
Saint Kitts and Nevis
38.7%
Seychelles
38.5%
Solomon Islands
32.4%
Saint Vincent and the Grenadines
31.2%
Central African Republic
30.6%

You're not logged in!

Compare scores with friends on all Sporcle quizzes.
OR
Log In

Sporcle TV

Today on Sporcle TV


Watch our educational content, quiz creation guides, and fun videos on Sporcle TV.

Show Comments

Extras

Top Quizzes Today


Score Distribution

Your Account Isn't Verified!

In order to create a playlist on Sporcle, you need to verify the email address you used during registration. Go to your Sporcle Settings to finish the process.

Report this User

Report this user for behavior that violates our Community Guidelines.

Details: